Geography Quiz

Random Geography or World Quiz

Click the '-stan' Countries Quiz Stats

 Plays Quiz not verified by Sporcle

Score 0/7 Timer 01:30
0 Plays Today
% Correct
Uzbekistan
99.1%
Turkmenistan
98.6%
Kazakhstan
97.9%
Kyrgyzstan
97.8%
Afghanistan
96.4%
Tajikistan
96.1%
Pakistan
94.9%

You're not logged in!

Compare scores with friends on all Sporcle quizzes.
OR
Log In

Sporcle TV

Today on Sporcle TV


Watch our educational content, quiz creation guides, and fun videos on Sporcle TV.

Show Comments

Extras

Top Quizzes Today


Score Distribution

Your Account Isn't Verified!

In order to create a playlist on Sporcle, you need to verify the email address you used during registration. Go to your Sporcle Settings to finish the process.

Report this User

Report this user for behavior that violates our Community Guidelines.

Details: